000
00193 a2200097 4500
001
2446
100
_a
Flight, STaff
245
_a
Flight Handbook
260
_a
_b
Iliffe
_c
090
_c
1778
_d
1778
942
_a
NUST-CAE
_c
M
_c
8646
999
_c
237519
_d
237519